Congress Presidential Addresses / (Record no. 9816)
[ view plain ]
| 000 -LEADER | |
|---|---|
| fixed length control field | 01483nam a2200301 a 4500 |
| 001 - CONTROL NUMBER | |
| control field | 9816 |
| 003 - CONTROL NUMBER IDENTIFIER | |
| rucl marc code | BD-RjUL |
| 005 - DATE AND TIME OF LATEST TRANSACTION | |
| control field | 20211208234837.0 |
| 008 - FIXED-LENGTH DATA ELEMENTS--GENERAL INFORMATION | |
| fixed length control field | 190228m19351934ii 001 0 eng d |
| 035 ## - SYSTEM CONTROL NUMBER | |
| System control number | (BD-RjUL)9861 |
| 040 ## - CATALOGING SOURCE | |
| Original cataloging agency | DLC |
| Transcribing agency | DLC |
| Modifying agency | BD-RjUL |
| Language of cataloging | eng |
| 041 ## - LANGUAGE CODE | |
| Language code of text/sound track or separate title | eng |
| 043 ## - GEOGRAPHIC AREA CODE | |
| Geographic area code | a-ii--- |
| 082 ## - DEWEY DECIMAL CLASSIFICATION NUMBER | |
| Classification number | 324.254083 |
| Edition number | 23 |
| Author mark and year | INC Sr.-1-2 1934-1935 |
| 110 1# - MAIN ENTRY--CORPORATE NAME | |
| Corporate name or jurisdiction name as entry element | Indian National Congress. |
| 9 (RLIN) | 228741 |
| 245 10 - TITLE STATEMENT | |
| Title | Congress Presidential Addresses / |
| Statement of responsibility, etc. | Indian National Congress. |
| 246 ## - VARYING FORM OF TITLE | |
| Title proper/short title | Congress Presidential Addresses: |
| Remainder of title | 1st series: From the foundation to the Silver jubilee; containing full text of the presidential addresses from 1885 to 1910 |
| Title proper/short title | Congress Presidential Addresses: |
| Remainder of title | 2nd series: From the foundationFrom the Silver to the Golden jubilee; containing full text of the presidential addresses from 1911 to 1934. |
| 260 ## - PUBLICATION, DISTRIBUTION, ETC. (IMPRINT) | |
| Place of publication, distribution, etc. | Madras: |
| Name of publisher, distributor, etc. | G.A. Natesan & Co. , |
| Date of publication, distribution, etc. | [1934-1945 ] |
| 300 ## - PHYSICAL DESCRIPTION | |
| Pagination | 2 Sr. : |
| Illustrations | Ill. ; |
| Size | 23 cm |
| 500 ## - GENERAL NOTE | |
| General note | Includes indexes |
| 505 0# - FORMATTED CONTENTS NOTE | |
| Formatted contents note | Sr.-1, From the foundation to the Silver jubilee; containing full text of the presidential addresses from 1885 to 1910.-- Sr. 2. From the Silver to the Golden jubilee, containing full text of the presidential addresses from 1911 to 1934. |
| 610 20 - SUBJECT ADDED ENTRY--CORPORATE NAME | |
| Corporate name or jurisdiction name as entry element | Indian National Congress |
| 650 #0 - SUBJECT ADDED ENTRY--TOPICAL TERM | |
| Topical term or geographic name as entry element | Nationalism |
| Geographic subdivision | India |
| General subdivision | History |
| 9 (RLIN) | 228742 |
| 651 #0 - SUBJECT ADDED ENTRY--GEOGRAPHIC NAME | |
| Geographic name | India |
| General subdivision | Politics and government |
| Chronological subdivision | 1857-1919 |
| 9 (RLIN) | 228743 |
| Geographic name | India |
| General subdivision | Politics and government |
| Chronological subdivision | 20th century |
| 9 (RLIN) | 228744 |
| 942 ## - ADDED ENTRY ELEMENTS (KOHA) | |
| Source of classification or shelving scheme | Dewey Decimal Classification |
| Koha item type | Rare Books |
| Lost status | Source of classification or shelving scheme | Damaged status | Not for loan | Collection code | Permanent Location | Current Location | Shelving location | Date acquired | Total Checkouts | Full call number | Date last seen | Copy number | Koha item type |
|---|---|---|---|---|---|---|---|---|---|---|---|---|---|
| Dewey Decimal Classification | Not For Loan | Rare Books | Central Library, University of Rajshahi | Central Library, University of Rajshahi | Rare Book Section | 28/02/2019 | RA 324.254083 INC Sr.-1 1935 | 28/02/2019 | C-1 | Rare Books | |||
| Dewey Decimal Classification | Not For Loan | Rare Books | Central Library, University of Rajshahi | Central Library, University of Rajshahi | Rare Book Section | 28/02/2019 | RA 324.254083 INC Sr.-2 1934 | 28/02/2019 | C-1 | Rare Books |